000 00265nam a2200109Ia 4500
008 190914s9999||||xx |||||||||||||| ||und||
100 _aAnthony Henry
245 0 _aUnderstanding Strategic Management
260 _aIndia
_bOxford
_c2003
300 _a870
942 _cBK
999 _c9885
_d9885